000 01010nam a2200277 i 4500
001 bg
100 1 _aŁOBODA, Marek
245 1 0 _aUdarowe właściwości uziemień ochrony odgromowej obiektów budowlanych i elektroenergetycznych /
_cMarek Łoboda.
260 _aWarszawa :
_bOficyna Wydawnicza PW,
_c2003.
300 _a94 s. :
_bil. ;
_c24 cm.
490 1 _aPrace Naukowe. Elektryka / Politechnika Warszawska ;
_v0137-2319
500 _aOpis wg okł., w nagł. odm. tyt. serii: Prace Naukowe Politechniki Warszawskiej. - Streszcz. ang.
500 _aPrace Naukowe Politechniki Warszawskiej.
500 _aNumeracja ser. gł. : z. 125.
504 _aBibliogr.
650 9 _aUziemienie
650 9 _aOdgromniki
650 9 _aPrzepięcie
650 9 _aBudownictwo
_xbezpieczeństwo
_xzagadnienia
830 0 _aPrace Naukowe. Elektryka (Politechnika Warszawska) ;
040 _cBPK
041 0 _apol
_beng
080 _a621.316:699.8
942 _cKS
008 s pl f |000 0 pol
999 _c43451
_d43451
856 _uhttp://koha.tu.koszalin.pl/cgi-bin/koha/opac-detail.pl?biblionumber=43451
_yKatalog online BPK